Statistics for Guess The Mystery Categories #1

Click here to take the quiz!

General Stats

  • This quiz has been taken 95 times
    (94 since last reset)
  • The average score is 13 of 30

Answer Stats

HintAnswer% Correct
An Asian Animal That Learns Martial ArtsKung Fu Panda
81%
Opposite Of DumbSmart
81%
OgreShrek
79%
African Island CountryMadagascar
76%
Fruit that Grows On A TreeApple
74%
A Galaxy in the UniverseMilky Way
73%
____-FlopFlip
72%
Kings of the JungleLions
68%
People that believe in BuddhaBuddhism
67%
CatagoryDreamworks Movies
59%
A Scandinaivian Nationality + what is caught on a rodSwedish Fish
59%
A Monster that lives under a bridgeTrolls
58%
"Get off My ______ Minecraft Server!"Christian
56%
Explorers from NorwayVikings
55%
CategoryReligions
49%
CategoryCandy
47%
CatagoryPhones
41%
Animals that you never want to wrestleBears
33%
No One Lays A Finger On My _____Butterfinger
33%
JesusJewish
31%
The Director of Threat Level MidnightMichael
25%
People that load meatPackers
22%
describes lemonadesweet tart
21%
Shoe Line (Not Brand)Jordan
15%
The Name For The cube in FortniteKevin
14%
The Iron Ant Pokemon In Gen 5Durant
12%
CategoryBasketball Players
9%
Zeus, Poseidon, Hades, etc.Greek Orthodox
9%
CategoryNFC North
7%
A club for people who do good thingsRotary
5%

Score Distribution

Percentile by Number Answered

Percent of People with Each Score

Your Score History

You have not taken this quiz since the last reset